| 000 | 01087nam a2200277 i 4500 | ||
|---|---|---|---|
| 001 | 18187 | ||
| 003 | ES-MaACL | ||
| 005 | 20240118221947.0 | ||
| 007 | t| | ||
| 008 | 011004s1967 fr ||||1| spa d | ||
| 080 | _a946.0"1936/39" | ||
| 080 | _a329(460) Falange Española | ||
| 100 | 1 |
_aSouthworth, Herbert Rutledge. _9107590 |
|
| 245 | 1 | 0 |
_aAntifalange _b: estudio crítico de "Falange en la guerra de España, la unificación y Hedilla", de Maximiano García Venero / _cHerbert Rutledge Southworth ; traducción de José Martínez. |
| 260 |
_a[Paris] : _bRuedo Ibérico, _c[1967] |
||
| 300 |
_aXXIV, 287 p., [32] p. de lám ; _c23 cm. |
||
| 504 | _aBibliografía: p. 269-278. | ||
| 600 | 1 | 4 |
_aGarcía Venero, Maximiano. _955393 |
| 600 | 1 | 4 |
_aHedilla, Manuel ( _d1902-1970) _9171688 |
| 610 | 2 | 4 |
_aFalange Española Tradicionalista y de las J.O.N.S. _94086 |
| 700 | 1 |
_aMartínez, José, _d1921-1986 _977761 |
|
| 710 | 2 |
_aÉditions Ruedo ibérico. _9145333 |
|
| 852 |
_aES-MaACL _jAND-118 _z- Biblioteca Juan Andrade. |
||
| 852 |
_aES-MaACL _jL-2762 |
||
| 999 |
_c18187 _d18187 |
||